000 00763nam a2200205Ii 4500
003 JO-AjNU
008 230605s9999||||xx |||||||||||||| ||und||
040 _aJO-AjNU
_bara
_erda
_cJO-AjNU
041 _aara
050 1 4 _aLB885.R85
100 3 _aرسل،برتراند مؤلف/عبده،سمير مترجم,
_eauthor
_915084
245 0 0 _aالتربية والنظام الإجتماعي
250 _aط2
264 3 1 _aبيروت:دار مكتبة الحياة،1978
300 _a240ص
336 _atext
_btxt
_2rdacontent
337 _aunmediated
_bn
_2rdamedia
338 _avolume
_bnc
_2rdacarrier
650 4 _aعلم اجتماع-مدارس. التربية و التعليم-أهداف وغايات. التربية و التعليم-فلسفة.
_915085
999 _aA4177
_c7745
_d7745